Kdo pojede tímto autem : obrázkové kartičky /

Hlavní autor: Šedivý, Ivo, 1933-1987
Další autoři: Světecký, Rudolf
Jazyk: Čeština
Vydáno: Praha : Albatros, 1982
Vydání: 1. vyd.
Fyzický popis: 16 volných l.
Knihy
Uloženo v:
LEADER 00763nam a2200229 a 4500
001 000624513
003 CZ BrMZK
005 20040604083556.0
007 ta
008 020923s1982 xr f cze d
040 |a BOA001  |b cze  |c BOA001 
080 |a 084.1(02.053.2)  |2 MRF 
100 1 |a Šedivý, Ivo,  |d 1933-1987  |7 jz8601019  |4 ill 
245 1 0 |a Kdo pojede tímto autem :  |b obrázkové kartičky /  |c ilustrace Ivo Šedivý ; napsal Rudolf Světecký 
250 |a 1. vyd. 
260 |a Praha :  |b Albatros,  |c 1982 
300 |a 16 volných l. 
521 |a Pro děti od 4 let 
700 1 |a Světecký, Rudolf  |7 mzk2009544568  |4 aut 
910 |a BOA001  |b 2-0842.869 
990 |a BK 
996 6 |b 2619359616  |c 2-0842.869  |l MZK  |r Sklad / do 1 hodiny  |n 0  |w 000624513  |u 000010  |a 1  |e BOA001  |j MZK50  |s P